Színészek adománya Csekkszámlaszám: 280-11082. /

Elmentve itt :
Bibliográfiai részletek
Szerző: Pacsika Emília
Dokumentumtípus: Cikk
Megjelent: 1991-01-09
Sorozat:Délmagyarország 81 No. 7
Kulcsszavak:testi és szellemi fogyatékosok
Online Access:http://dmarchiv.bibl.u-szeged.hu/116424
LEADER 00494nab a2200157 i 4500
001 delm116424
005 20191003141603.0
008 191003s1991 hu o 0|| hun d
040 |a SZTE Délmagyarország Archívum  |b hun 
041 |a hun 
100 1 |a Pacsika Emília 
245 1 0 |a Színészek adománya   |h [elektronikus dokumentum] :  |b Csekkszámlaszám: 280-11082. /  |c  Pacsika Emília 
260 |c 1991-01-09 
300 |a 5 
490 0 |a Délmagyarország  |v 81 No. 7 
695 |a testi és szellemi fogyatékosok